<?xml version="1.0" encoding="UTF-8"?>
<record
    xmlns:xsi="http://www.w3.org/2001/XMLSchema-instance"
    xsi:schemaLocation="http://www.loc.gov/MARC21/slim http://www.loc.gov/standards/marcxml/schema/MARC21slim.xsd"
    xmlns="http://www.loc.gov/MARC21/slim">

  <leader>01777nam a22002297a 4500</leader>
  <controlfield tag="003">CUTN</controlfield>
  <controlfield tag="005">20250531105942.0</controlfield>
  <controlfield tag="008">250531b        |||||||| |||| 00| 0 eng d</controlfield>
  <datafield tag="020" ind1=" " ind2=" ">
    <subfield code="a">9789390063192</subfield>
  </datafield>
  <datafield tag="041" ind1=" " ind2=" ">
    <subfield code="a">English</subfield>
  </datafield>
  <datafield tag="082" ind1=" " ind2=" ">
    <subfield code="2">23</subfield>
    <subfield code="a">940 </subfield>
    <subfield code="b">TAY</subfield>
  </datafield>
  <datafield tag="100" ind1=" " ind2=" ">
    <subfield code="a">Taylor, Isaac</subfield>
  </datafield>
  <datafield tag="245" ind1=" " ind2=" ">
    <subfield code="a">The Origin of the Aryans:  </subfield>
    <subfield code="b">An Account of the Prehistoric Ethnology and Civilization of Europe /</subfield>
    <subfield code="c">Isaac Taylor</subfield>
  </datafield>
  <datafield tag="260" ind1=" " ind2=" ">
    <subfield code="a">Chennai :</subfield>
    <subfield code="b">Maven Books,</subfield>
    <subfield code="c">2020.</subfield>
  </datafield>
  <datafield tag="300" ind1=" " ind2=" ">
    <subfield code="a">339 p. :</subfield>
    <subfield code="b">Ill. ;</subfield>
    <subfield code="c">22 cm</subfield>
  </datafield>
  <datafield tag="520" ind1=" " ind2=" ">
    <subfield code="a">The Origin of the Aryans is a book written by Isaac Taylor that provides an account of the prehistoric ethnology and civilization of Europe. The book delves into the origins of the Aryan race and their migration patterns throughout history. Taylor explores the cultural and linguistic similarities among different Aryan groups and how they influenced the development of European civilization. He also discusses the impact of the Aryan invasion on the indigenous people of India and how it shaped the country's culture and society. Overall, ""The Origin of the Aryans"" is a comprehensive and insightful examination of the historical and cultural roots of one of the most influential groups in human history.This scarce antiquarian book is a facsimile reprint of the old original and may contain some imperfections such as library marks and notations. Because we believe this work is culturally important, we have made it available as part of our commitment for protecting, preserving, and promoting the world's literature in affordable, high quality, modern editions, that are true to their original work.</subfield>
  </datafield>
  <datafield tag="650" ind1=" " ind2=" ">
    <subfield code="a">Europe - History</subfield>
  </datafield>
  <datafield tag="650" ind1=" " ind2=" ">
    <subfield code="a">Origin of Aryans </subfield>
  </datafield>
  <datafield tag="650" ind1=" " ind2=" ">
    <subfield code="a"> Civilization of Europe</subfield>
  </datafield>
  <datafield tag="650" ind1=" " ind2=" ">
    <subfield code="a">Prehistoric Ethnology</subfield>
  </datafield>
  <datafield tag="942" ind1=" " ind2=" ">
    <subfield code="2">ddc</subfield>
    <subfield code="c">BOOKS</subfield>
  </datafield>
  <datafield tag="999" ind1=" " ind2=" ">
    <subfield code="c">44512</subfield>
    <subfield code="d">44512</subfield>
  </datafield>
  <datafield tag="952" ind1=" " ind2=" ">
    <subfield code="0">0</subfield>
    <subfield code="1">0</subfield>
    <subfield code="2">ddc</subfield>
    <subfield code="4">0</subfield>
    <subfield code="7">0</subfield>
    <subfield code="8">NFIC</subfield>
    <subfield code="a">CUTN</subfield>
    <subfield code="b">CUTN</subfield>
    <subfield code="c">900</subfield>
    <subfield code="d">2025-05-31</subfield>
    <subfield code="l">0</subfield>
    <subfield code="o">940  TAY</subfield>
    <subfield code="p">51874</subfield>
    <subfield code="r">2025-05-31 11:00:31</subfield>
    <subfield code="w">2025-05-31</subfield>
    <subfield code="y">BOOKS</subfield>
  </datafield>
</record>
